European contract law (Registro nro. 310150)

Detalles MARC
000 -ENCABEZADO
Número de control [NR] 02154cam a2200349 i 4500
001 - NÚMERO DE CONTROL
control field 20493690
005 - FECHA Y HORA DE LA ÚLTIMA TRANSACCIÓN
control field 20180731074215.0
008 - DE LONGITUD FIJA DE DATOS DE ELEMENTOS - INFORMACIÓN GENERAL
Elementos de longitud fija [NR] 180731s2018 gw b 001 0 eng d
010 ## - NUMERO DE CONTROL DE LA BIBLIOTECA DEL CONGRESO (LC) [NR]
Número de control LC [NR] 2018383455
020 ## - NUMERO INTERNACIONAL NORMALIZADO PARA LIBROS [R]
ISBN Cancelado/ Invalidado [R] 9783848745326
020 ## - NUMERO INTERNACIONAL NORMALIZADO PARA LIBROS [R]
ISBN Cancelado/ Invalidado [R] 9783406719127
020 ## - NUMERO INTERNACIONAL NORMALIZADO PARA LIBROS [R]
Número Internacional Normalizado del libro [NR] 9781509920587 (2a.Ed.)
020 ## - NUMERO INTERNACIONAL NORMALIZADO PARA LIBROS [R]
ISBN Cancelado/ Invalidado [R] 9783845287850
040 ## - FUENTE DE CATALOGACION [NR]
Agencia de catalogación original [NR] CO-BoUCM
Idioma de catalogación [NR] eng
Quien Cataloga Saul Niño
Quien Clasifica Saul Niño
041 0# - CODIGO DE IDIOMA [R]
Código de idioma para texto/pista de sonido o título separado [R] Español
100 1# - ASIENTO PRINCIPAL--NOMBRE PERSONAL [NR]
Nombre personal [NR] Schulze, Reiner
ID Autoridad 93236
245 10 - MENCION DE TITULO [NR]
Título [NR] European contract law
Mención de responsabilidad, etc. [NR] by Prof. Dr. Dr. h.c. Reiner Schulze, Prof. Dr. Dr. h.c. Fryderyk Zoll ; prepared by Dr. Jonathon Watson
250 ## - MENCION DE EDICION [NR]
Mención de edición [NR] Segunda edición
260 ## - PUBLICACION, DISTRIBUCION, ETC. (PIE DE IMPRENTA) [R]
Lugar de publicación, distribución, etc. [R] Baden - Baden
Nombre del editor, distribuidor, etc. [R] Nomos
Fecha de publicación, distribución, etc. [R] 2018
300 ## - DESCRIPCION FISICA [R]
Extensión [R] xxiv, 311 páginas
505 0# - NOTA DE CONTENIDO CON FORMATO PREESTABLECIDO [R]
Nota de contenido con formato preestablecido [NR] Foundations -- Core elements -- Conclusion and content of contracts -- Unfair contract terms -- Performance obligations -- Consequences of non-performance -- Preclusion and prescription -- Outlook.
520 ## - NOTA DE RESUMEN, ETC. [R]
Nota de sumario, etc. [NR] "European contract law is not only a key aspect of European private law but also plays a highly important role in the development of contract law at national level. However, European contract law is often an unfamiliar subject as its content, methods and objectives are overshadowed by national laws. This book therefore provides fundamental information about the content, methods and objectives of European legislation in the field of contract law and explains the interaction between the legislator, judges and academics during the creation of European contract law. It attempts to show how a system arises from the dialogue between the different sources. It therefore focusses not only on current EU legislation but also the extensive preparatory works in which the authors of this book were actively involved"--Hart Publishing website.
546 ## - NOTA DE IDIOMA [R]
Nota de idioma [NR] Texto en inglés
650 #7 - ASIENTO SECUNDARIO DE MATERIA - TERMINO TEMATICO [R]
Término temático o nombre geográfico como elemento de entrada [NR] Contratos
Subdivisión geográfica [R] Unión Europea
9 (RLIN) 11818
650 #7 - ASIENTO SECUNDARIO DE MATERIA - TERMINO TEMATICO [R]
Término temático o nombre geográfico como elemento de entrada [NR] Responsabilidad contractual
Subdivisión geográfica [R] Unión Europea
9 (RLIN) 23672
650 #7 - ASIENTO SECUNDARIO DE MATERIA - TERMINO TEMATICO [R]
Término temático o nombre geográfico como elemento de entrada [NR] Derecho civil
9 (RLIN) 12711
650 #7 - ASIENTO SECUNDARIO DE MATERIA - TERMINO TEMATICO [R]
Término temático o nombre geográfico como elemento de entrada [NR] Derecho privado
9 (RLIN) 437
700 1# - ASIENTO SECUNDARIO - NOMBRE PERSONAL [R]
Nombre personal [NR] Zoll, Fryderyk
9 (RLIN) 93237
700 1# - ASIENTO SECUNDARIO - NOMBRE PERSONAL [R]
Nombre personal [NR] Watson, Jonathon
9 (RLIN) 93238
942 ## - ELEMENTOS DE ENTRADA AGREGADOS (KOHA)
Sistema de clasificación DEWEY
Tema principal Derecho
Tipo de ítem principal el descrito en 300a Libro
Edición 2
Clasificación 346.4022
Parte restante de la signatura top. S391e
Existencias
Fecha de último préstamo Total préstamos Total Renewals Signatura topográfica Código de barras Última vez visto Volúmen / Fascículo Ejemplar Costo de reposición Price effective from Tipo de ítem Perdido Sistema de clasificación Dañado No prestable Tipo de ítem específico Suprimido Ubicación habitual Ubicación actual Localización Fecha de creación Proveedor Forma de adquisición Costo
24/04/2019 2 2 346.4022 S391e 100157483 25/04/2026 2a.Ed. Ej.1 456397.00 27/07/2018 Libro   DEWEY     Libro   Claustro Claustro 3er piso 27/07/2018 15 Compra 456397.00